| 000 | 00579nam a2200217 a 4500 | ||
|---|---|---|---|
| 999 |
_c495 _d495 |
||
| 001 | 495 | ||
| 003 | BD-JhCC | ||
| 005 | 20171023120555.0 | ||
| 008 | 171005s2003 ben |||| ||a| 000 0 ben d | ||
| 020 | _a9848682228 | ||
| 035 | _a(BD-JhCC) 495 | ||
| 040 |
_aBD-JhCC _dBD-JhCC |
||
| 041 | _aben | ||
| 082 |
_a891.443 _bHSN 2003 |
||
| 100 | _aহোসেন, সেলিনা | ||
| 245 |
_aআনবিক আঁধার / _cসেলিনা হোসেন |
||
| 300 |
_a২১৬ পৃ. : _bill. ; _c21 cm. |
||
| 650 | _aBengali Novel | ||
| 942 |
_2ddc _cBK |
||